000 00325nam a22001217a 4500
008 181123b xxu||||| |||| 00| 0 eng d
041 _aeng
080 _a043.3
100 _a0
101 _aMTH-SHKI
245 _aZbatimi dhe Analizimi i Sigurise ne Teknologjine NFC-near field communication
_cBuzhala, M.B
942 _2udc
_cBK
999 _c52467
_d52467